| 000 | 00871nam a2200277Ia 4500 | ||
|---|---|---|---|
| 003 | OSt | ||
| 005 | 20220918171012.0 | ||
| 006 | a|||||r|||| 00| 0 | ||
| 007 | ta | ||
| 008 | 220917b |||||||| |||| 00| 0 eng d | ||
| 020 |
_a9781119420774 (pbk) _cUSD 35.95 |
||
| 024 | _a351,803 | ||
| 037 |
_b1738, 12/12/2019, Bright Book Service _cTextual |
||
| 040 |
_aARTS _cARTS _beng |
||
| 041 |
_2eng _aeng |
||
| 082 | _aR2, Q9 | ||
| 100 |
_aFantl Jeremy Ed. _933028 |
||
| 245 | 0 |
_aContemporary epistemology _b anthology |
|
| 260 |
_aNew Jersey _bWiley Blackwell USA _c2019 |
||
| 300 |
_avi,303p. _ccm. |
||
| 650 | _aPHILOSOPHY | ||
| 700 |
_a McGrath Matthew Ed. _933029 |
||
| 700 | _a Sosa Ernest Ed. | ||
| 942 |
_hR2, Q9 _cTEXL _2CC |
||
| 999 |
_c137198 _d137198 |
||